01453nam a2200193Ia 4500008004100000020001500041050002100056100002900077240005400106245010100160260003100261300003600292500002400328504003000352505075300382650003101135650003801166700005501204120720t19881991mx o 000 0 spa d a9681300149 aHF5822bB71 19911 aBryan Key, Wilsoneautor aSubliminal seductionlingléssTítulo original10aSeducción subliminalc / Wilson Bryan Key ; traducción Guadalupe García de León del Paso aMéxicob : Dianac, 1991 a284 páginasb : fotografías a18 Impresión 1991 aReferencias (pp. 279-284) aIntroducción: el vicio por los anuncios de los medios de comunicación La ilusión de realidad de los medios masivos de comunicación Lenguaje dentro de un lenguaje Las defensas perceptivas ocultan los significados a favor de la manipulación subliminal La inmersión de los medios de comunicación, el bautismo mediante palabras y fotografías Usted compra a causa de aquello que no se ve El sexo está vivo e imbuido en casi todas las cosas El síndrome del Playboy ¿Quién juega con quién o qué o de quién? La castración del Cosmovogue El fisgón engañado del video (lo que no puede ver es lo que convence) El hombre que casi llegó a pensar por sí mismo La avaricia engañosa de los medios de comunicación masiva14aPUBLICIDADxESTADOS UNIDOS24aPUBLICIDADxASPECTOS PSICOLOGICOS1 aGarcía de León del Paso, Guadalupeetraductora